000 00795nam a2200229Ii 4500
003 JO-AjNU
008 230605s9999||||xx |||||||||||||| ||und||
017 _a5139
020 _a978-977-6302-167
040 _aJO-AjNU
_bara
_erda
_cJO-AjNU
041 _aara
050 1 4 _aHF 5549 2013
100 3 _aتأليف طه، عاطف جابر,
_eauthor
_944925
245 0 0 _aقضايا اعلامية معاصرة في الموارد البشرية
250 _aط1
264 3 1 _aد.م:الدار الاكاديمية للعلوم؛2013
300 _a530ص
_bيحتوي على ببلوغرافية من ص 511-530ص
336 _atext
_btxt
_2rdacontent
337 _aunmediated
_bn
_2rdamedia
338 _avolume
_bnc
_2rdacarrier
650 4 _aادارة الموارد البشرية
_944926
999 _aA19435
_c23003
_d23003